Распостранение лучей в случайно-неоднородной среде; Журнал экспериментальной и теоретической физики; Т. 125, вып. 4

Podrobná bibliografie
Parent link:Журнал экспериментальной и теоретической физики=ЖЭТФ/ Российская академия наук (РАН) ; Отделение физических наук РАН.— , 1931-.— 0044-4510
Т. 125, вып. 4.— 2004.— с. 805-807
Hlavní autor: Станиславский А. А.
Jazyk:ruština
Vydáno: 2004
Edice:Атомы, спектры, излучение
Témata:
Médium: MixedMaterials Kapitola
KOHA link:https://koha.lib.tpu.ru/cgi-bin/koha/opac-detail.pl?biblionumber=431690

MARC

LEADER 00000naa2a2200000 4500
001 431690
005 20231101075413.0
035 |a (RuTPU)RU\TPU\prd\91852 
035 |a RU\TPU\prd\30624 
090 |a 431690 
100 |a 20101202a2004 k y0rusy50 ca 
101 0 |a rus 
102 |a RU 
200 1 |a Распостранение лучей в случайно-неоднородной среде  |f А. А. Станиславский 
225 1 |a Атомы, спектры, излучение 
320 |a Библиогр.: 9 назв. 
461 1 |0 (RuTPU)RU\TPU\prd\1443  |x 0044-4510  |t Журнал экспериментальной и теоретической физики  |l ЖЭТФ  |f Российская академия наук (РАН) ; Отделение физических наук РАН  |d 1931- 
463 1 |0 (RuTPU)RU\TPU\prd\91843  |t Т. 125, вып. 4  |v с. 805-807  |d 2004 
610 1 |a случайно-неоднородные среды 
610 1 |a лучи 
610 1 |a распостранение 
610 1 |a интегрально-дифференцированные уравнения 
610 1 |a средний квадрат отклонения 
700 1 |a Станиславский  |b А. А. 
801 1 |a RU  |b 63413507  |c 20041202  |g PSBO 
801 2 |a RU  |b 63413507  |c 20101202  |g RCR 
942 |c BK